|
|
|
|
| LEADER |
02640nam a2200565 4500 |
| 001 |
000013621 |
| 005 |
20190311091533.0 |
| 008 |
190308s1563 sz e lat |
| FMT |
|
|
|
| 040 |
|
|
|a SVKKK
|b slo
|c SVKKK
|e AACR2
|
| 041 |
0 |
|
|a lat
|
| 044 |
|
|
|a sz
|c CH
|
| 080 |
|
|
|a 811.124`02
|
| 080 |
|
|
|a 821.124.07
|
| 080 |
|
|
|a (082.2)
|
| 080 |
|
|
|a (37)
|
| 080 |
|
|
|a (0.072)
|
| 080 |
|
|
|a 821.124.07(082.2)
|
| 080 |
|
|
|a 821.124.07(37)
|
| 080 |
|
|
|a 821.124.07(0.072)
|
| 100 |
1 |
|
|a Clauser, Konrad
|d ca 1515-1611
|4 aut
|
| 245 |
1 |
0 |
|a Methodvs Analytica,
|b Sive Resolutoria, ex Aristotele,Platone, Hermogene, Cicerone, alijs´q3 opt. autoribus conflata: Compendiariam rationem docens, qua praecipuè Oratorum, Historicorum & Poetarũ orationes, quas scriptis suis inserunt, commodè ac facilè resolui in sua Argumenta possint: Authore Conrado Clavsero Tigurino.
|
| 260 |
|
|
|a Basileae,
|b Per Ioannem Oporinum.
|c (Anno salutis humanae M. D. LXIII. Mense Nouembri.) [=1563]
|
| 300 |
|
|
|a 84,[12] s. a-f8 [=48] list.
|c 8°. 16x10,5 cm
|
| 500 |
|
|
|a Iniciálka s fig. poz. v rám. na 7 r., tlač. marg. v lat. jaz., kustódy.
|
| 500 |
|
|
|a Blank zl. f8.
|
| 501 |
|
|
|a Prív. 3. k: Freig, Johann Thomas: Ciceronianus, Ioan. Thomae Freigii, in quo. - Basileae, Sebastian Henricpetri, (1579). 8°.
|
| 504 |
|
|
|a Eráta na zl. f3a; register (zl. f3b-6b): „Rervm Et Verborvm… Index.“.
|
| 508 |
|
|
|a Ded. (zl. a1b): „Cl. Domino Ioanni Im Thvrn, Civi Scaphvsiano, Viro Nobili Et Docto: Conradvs Clavservs Tigvrinvs… D. D. D.“.
|
| 510 |
4 |
|
|a VD16 ZV 3677; BMC ger. C/p. 212; Copac (BL); CCFr (BM Reims).
|
| 550 |
|
|
|a Rok vydania doplnený podľa kolofónu (zl. f7a): „Basileae, Ex Officina Ioannis Oporini,Anno salutis humanae M. D. LXIII. Mense Nouembri.“.
|
| 653 |
1 |
|
|a latinčina
|
| 653 |
1 |
|
|a jazykoveda
|
| 653 |
1 |
|
|a diela rímskych autorov
|
| 653 |
1 |
|
|a reči, komentáre
|
| 700 |
1 |
|
|a Clauser, Konrad
|d ca 1515-1611
|4 dto
|
| 700 |
0 |
|
|a Johannes im Thurn
|4 dte
|
| 700 |
1 |
|
|a Oporin, Johann
|d 1536-1567
|4 prt
|
| 710 |
0 |
|
|a Knižnica Teologickej fakulty Katolíckej univerzity v Ružomberku
|c Košice
|4 own
|
| 710 |
0 |
|
|a knižnica Košického biskupského seminára
|c Košice
|4 fmo
|
| 710 |
0 |
|
|a Oporin, Johann
|c Basel
|4 prt
|
| 752 |
|
|
|a Švajčiarsko
|d Basel
|
| 852 |
|
|
|p D1,LV,4/7 prív. 3 KTFKU
|
| 904 |
|
|
|a c---y---abaiana--zzyb-0001--
|
| 905 |
|
|
|a bf-a1db-
|5 -------
|
| 910 |
|
|
|a ktfku
|
| 997 |
|
|
|a Thurn, Joannes im p. Johannes im Thurn
|4 dte
|
| 998 |
|
|
|a KE16
|
| BAS |
|
|
|
| LKR |
|
|
|a UP
|b 13614
|l HIS01
|n FREIG, J. T.: Ciceronianus, Ioan. Thomae Freigii, in quo
|m CLAUSER, K.: Methodus analytica
|